Los acordes de la Patria. Música y Nación en el siglo XIX chileno

সংরক্ষণ করুন:
গ্রন্থ-পঞ্জীর বিবরন
প্রধান লেখক: Pedemonte, Rafael (Author)
বিন্যাস: গ্রন্থ
ভাষা:স্প্যানিশ
প্রকাশিত: Santiago Globo 2008
সংস্করন:1a. ed
বিষয়গুলি:
ট্যাগগুলো: ট্যাগ যুক্ত করুন
কোনো ট্যাগ নেই, প্রথমজন হিসাবে ট্যাগ করুন!

MARC

LEADER 00000cam a2200000 a 4500
001 UCH9352
003 CL-VaPUC
008 091231e20080700CL |||||||||||||||||spa|d
020 |a 9789568663063 
082 0 4 |a 781.5990983  |b PED  |2 21 
100 0 |a Pedemonte, Rafael  |e author  |9 546379 
245 1 4 |a Los acordes de la Patria. Música y Nación en el siglo XIX chileno 
250 |a 1a. ed 
300 |a 176 p 
942 |c BK 
945 |d 20091231 00:00:00  |a dcastane 
260 |a Santiago  |b Globo  |c 2008 
650 7 |a MUSICA CHILENA SIGLO 19  |2 CL-VaPUC  |9 546380 
650 7 |a HIMNOS PATRIOTICOS  |2 CL-VaPUC  |9 546381 
650 0 |a Historia de Chile   |9 322385 
651 7 |a CHILE  |2 CL-VaPUC  |9 546382 
583 |a last modification  |c 20150409 10:06:12  |k Rodrigo Vera 
999 |c 339341  |d 339339 
952 |0 0  |1 0  |4 0  |6 781_599098300000000_PED_2008  |7 0  |8 A  |9 432938  |a BIBHIS  |b BIBHIS  |d 2019-11-22  |i 462954K  |o 781.5990983 PED 2008  |p 462954K  |r 2025-01-20  |w 2019-11-22  |y BK  |k HIS 
952 |0 0  |1 0  |4 0  |6 781_599098300000000_PED_2008  |7 0  |8 A  |9 432939  |a BIBHIS  |b BIBHIS  |d 2019-11-22  |i 4696379  |o 781.5990983 PED 2008  |p 4696379  |r 2025-01-20  |w 2019-11-22  |y BK  |k HIS 
952 |0 0  |1 0  |3 erd  |4 0  |6 781_599098300000000_PED_2008  |7 0  |8 R  |9 432940  |a BIBEDU  |b BIBEDU  |i 5145449  |o 781.5990983 PED 2008  |p 5145449  |r 2023-01-12  |w 2019-11-22  |y BK_R  |z Catalogado en:20150409  |k MUS 
952 |0 0  |1 0  |3 erb  |4 0  |6 781_599098300000000_PED_2008  |7 0  |8 R  |9 432941  |a BIBEDU  |b BIBEDU  |i 5354781  |o 781.5990983 PED 2008  |p 5354781  |r 2023-01-12  |w 2019-11-22  |y BK_R  |z Catalogado en:20161201  |k MUS